| 000 | 00862nam a2200229 i 4500 | ||
|---|---|---|---|
| 001 | 184677 | ||
| 003 | ES-MaACL | ||
| 005 | 20250828090948.0 | ||
| 008 | 151113s1943 sp |||| | spa d | ||
| 100 | 1 |
_aTóth, Tihamér. _9111109 |
|
| 245 | 1 | 3 |
_aLa joven de carácter / _cMonseñor Dr. Tihamér Tóth, obispo de Veszprém ; [traductor D. Antonio Sancho ; adaptación María Rosa Vilahur]. |
| 260 |
_aMadrid : _bSociedad de Educación Atenas, _c[1943] |
||
| 300 |
_a200 p. ; _c21 cm. |
||
| 490 | 1 |
_aColección muchachas ; _v1 |
|
| 650 | 4 |
_aVida cristiana- _vLibros infantiles. _917791 |
|
| 700 | 1 |
_aSancho Nebot, Antonio, _d1884-1961 _9103048 |
|
| 700 | 1 |
_aVilahur, María Rosa. _9114764 |
|
| 710 | 2 |
_aSociedad de Educación Atenas _96665 |
|
| 830 | 1 |
_aColección muchachas ; _v1 _9192222 |
|
| 852 |
_aES-MaACL _jE-3615 |
||
| 999 |
_c184677 _d184677 |
||